La instrucción obligatoria (Record no. 70570)
[ view plain ]
| 000 -CABECERA | |
|---|---|
| campo de control de longitud fija | 00491nam a2200193 a 4500 |
| 005 - FECHA Y HORA DE LA ÚLTIMA TRANSACCIÓN | |
| campo de control | 20240413063708.0 |
| 008 - ELEMENTOS DE LONGITUD FIJA--INFORMACIÓN GENERAL | |
| campo de control de longitud fija | 991125n 000 0 spa u |
| 035 ## - NÚMERO DE CONTROL DEL SISTEMA | |
| Número de control de sistema | UPN01000083199 |
| 100 1# - ASIENTO PRINCIPAL--NOMBRE PERSONAL | |
| Nombre de persona | Sierra, Justo, |
| Fechas asociadas al nombre | 1848-1912 |
| 9 (RLIN) | 28551 |
| 222 ## - TÍTULO CLAVE | |
| Título clave | EL MAESTRO |
| 245 ## - MENCIÓN DE TÍTULO | |
| Título | La instrucción obligatoria |
| 260 ## - PUBLICACIÓN, DISTRIBUCIÓN, ETC. | |
| Lugar de publicación, distribución, etc. | México |
| 300 ## - DESCRIPCIÓN FÍSICA | |
| Extensión | 225-234 |
| 362 0# - FECHAS DE PUBLICACIÓN Y/O DESIGNACIÓN SECUENCIAL | |
| Fecha de publicación y/o designación secuencial | 1970 No. 22, jul. |
| 653 0# - TERMINO DE INDIZACION - NO CONTROLADO | |
| Término no controlado | EDUCACION PRIMARIA |
| 653 0# - TERMINO DE INDIZACION - NO CONTROLADO | |
| Término no controlado | EDUCACION PUBLICA |
| 904 ## - ELEMENTOS DE DATOS D LOCAL, LDD (RLIN) | |
| a | AC |
| b | 021010 |
| 905 ## - TIPO DE MATERIAL | |
| Tipo de material | Articulo |
No items available.
